000 00700nam a22001935i 4500
001 151865
003 ES-MaACL
005 20250809031700.0
008 990215s1896 sp |||| | spa d
040 _aCCPB | B
_bspa
_cCCPB | B
100 1 _aBenito y Endara, Lorenzo,
_d1855-1932
_927698
245 1 0 _aEnsayo de una introducción al estudio del Derecho Mercantil
_b: (preliminares é historia) /
_cpor Lorenzo Benito.
260 _aValencia :
_b[s.n.],
_c1896 (
_fImprenta de F. Domenech)
300 _aVIII, 391 p. ;
_c23 cm.
597 _aAntep.
650 0 4 _aDerecho mercantil-
_zEspaña
_911735
852 _aES-MaACL
_jG-15583
_z-- Enc. pasta española
999 _c151865
_d151865